| 000 | 00911nam a22001817a 4500 | ||
|---|---|---|---|
| 003 | NUST | ||
| 005 | 20260115091055.0 | ||
| 008 | 230215b ||||| |||| 00| 0 eng d | ||
| 020 | _a9780128122037 | ||
| 082 | _a510.2855369,KIN | ||
| 100 |
_aKing, Andrew P. _9109059 |
||
| 245 |
_aMATLAB Programming for Biomedical Engineering and Statistics / _cAndrew P. King & Paul Aljabar |
||
| 260 |
_aAcademic Press _bUSA _c2017 |
||
| 300 | _axxi, 301 p | ||
| 505 | _aIntroduction to Computer Programming and MATLAB (Page-1), Control Structures (Page-31), Functions (Page-53), Programming Development and Testing (Page-81), Data Types (Page-109), File Input / Output (Page-143), Program Design (Page-161), Visualization (Page-175), Code Efficiency (Page-193), Signal and Image Processing (Page-221), Graphical user Interfaces (Page-255), Statistics (Page-279). | ||
| 650 | _aBiomedical Engineering | ||
| 942 |
_2ddc _cBK |
||
| 999 |
_c593279 _d593279 |
||